000 00785cam a22002291 4500
001 he 67000324
003 DLC
005 20260227111444.0
008 840829s1966 is a 000 0 heb
010 _ahe 67000324
035 _a(OCoLC)19186883
040 _aDLC
_cMH
_dCU
_dDLC
042 _apremarc
050 0 0 _aBS558.H4
_bR3
100 1 _aRapp, Naḥman.
245 1 0 _aBa-asher hu adam /
_c[tirgum ha-sipurim mi-Yidish S. Mendl ; ...rishumim ṿe-tavliṭe neḥoshet Ḥayim Diner]
260 _a[Tel Aviv?] :
_b[ha-Ṿaʻadah le-hotsaʼat kitve Naḥman Rap be-ʻIvrit],
_c[726, 1966]
300 _a126 p. :
_bill. ;
_c25 cm.
500 _aAdded t.p. in English: Baʼasher hu adam; stories from the Bible.
650 0 _aBible stories, Hebrew.
752 _aIsrael
_dTel Aviv
999 _c32155
_d32155